| 000 | 01043nam a2200301 i 4500 | ||
|---|---|---|---|
| 001 | bg | ||
| 245 | 0 | 0 |
_aTowards hybrid membrane and biotechnology solutions for Polish environmental problems / _ced. John A. Howell, Andrzej Noworyta. |
| 260 |
_aWrocław : _bWrocław Technical University Press, _c1995. |
||
| 300 |
_a440 s. : _brys., wykr. ; _c25 cm. |
||
| 500 | _aBibliogr. przy rozdz. | ||
| 650 | 9 |
_aBiotechnologia _xstosowanie _xtechnika |
|
| 650 | 9 |
_aBłony półprzepuszczalne _xstosowanie _xtechnika |
|
| 650 | 9 |
_aGazy _xtechnologia |
|
| 650 | 9 |
_aPrzemysł _xhigiena _xurządzenia |
|
| 650 | 9 |
_aŚcieki _xtechnologia |
|
| 650 | 9 |
_aŚrodowisko człowieka _xhigiena i ochrona _zPolska |
|
| 650 | 9 |
_aTechnika sanitarna _xurządzenia |
|
| 655 | _aMateriały konferencyjne | ||
| 700 | 1 |
_aNOWORYTA, Andrzej. _eRed. |
|
| 700 | 1 |
_aHOWELL, John A. _eRed. |
|
| 020 | _a8370851126 | ||
| 040 | _cBPK | ||
| 041 | 0 | _aeng | |
| 080 | _a628.1/.5(061.3) | ||
| 920 | _a83-7085-112-6 | ||
| 942 | _cKS | ||
| 008 | s pl f |000 0 pol | ||
| 999 |
_c30776 _d30776 |
||
| 856 |
_uhttp://koha.tu.koszalin.pl/cgi-bin/koha/opac-detail.pl?biblionumber=30776 _yKatalog online BPK |
||